000 00706nam a2200205 a 4500
001 000020511
005 20200930011124.0
008 100322s2005 cu 000 0 spa d
020 _a9592588708
040 _aDO-SdBNP
_bspa
_cBNPHU
082 _axxxx
_bxxx
100 1 _aVillardefrancos Álvarez, María del Carmen
_943224
245 1 0 _aMercadotecnia en organizaciones de información /
_cMaría del Carmen Villardefrancos Álvarez, Magda León Santos.
260 _aLa Habana, Cuba :
_bFéliz Varela,
_c2005.
300 _a287 p. ;
_c24 cm.
490 0 _aSelección de lecturas
504 _aBibliografía p: 280-287
700 1 _aLeón Santos, Magda
_943225
830 0 _aSelección de lecturas
_943201
999 _c20015
_d20015